000
00305nam a2200121Ia 4500
008
190216s9999||||xx |||||||||||||| ||und||
100
_a
Ahamed Nawmi
245
0
_a
Fourty Great Man And Woman In Islam
260
_b
Adam Publishers&Distributors
300
_a
222
650
_a
Islamic History
942
_c
BK
999
_c
22307
_d
22307